Language Quiz

Random Language or Capital Quiz

World Capitals in Dictionary Words Quiz Stats

 Plays Quiz not verified by Sporcle

Challenge
Share
Tweet
Embed
Score 0/266 Timer 20:00
0 Plays Today
Word % Correct
climactically, climatal, climate, climated, climates
84.2%
parischanes, parischans, parises, parish, parishad
31.6%
bolometry, brigade, brigaded, brigades, brigadier
26.3%
climatic, climatical, climatically, climating, climatise
26.3%
barometer, barometers, barometric, barometrical, barometrically
21.1%
climatised, climatises, climatising, climatize, climatized
21.1%
comparisons, conglomerate, conglomerated, conglomerates, conglomerateur
21.1%
dismaler, dismalest, drome, dromedare, dromedares
21.1%
female, femaleness, femalenesses, females, fenestrometer
21.1%
harigalds, harigals, heathens, helidrome, helidromes
21.1%
parabath, paraquito, paraquitos, parischan, parischane
21.1%
subtelomeric, superconglomerate, superconglomerates, superfemale, superfemales
21.1%
telomer, telomerase, telomerases, telomere, telomeres
21.1%
telomeric, telomerisation, telomerisations, telomerization, telomerizations
21.1%
acclimatisation, acclimatisations, acclimatise, acclimatised, acclimatiser
15.8%
apiarists, apiary, aquadrome, aquadromes, arthromere
15.8%
bromelins, bromeosin, bromeosins, bromes, brusselsprout
15.8%
chlorometry, chlorotrifluoromethane, chrome, chromed, chromel
15.8%
climacterical, climacterically, climacterics, climactic, climactical
15.8%
climatizes, climatizing, climatographies, climatography, climatologic
15.8%
climatological, climatologically, climatologies, climatologist, climatologists
15.8%
climatology, climature, climatures, climax, climaxed
15.8%
climaxes, climaxing, climaxless, cockabullies, cockabully
15.8%
lomentaceous, loments, lomentum, lomentums, lomes
15.8%
supermale, supermales, synchromesh, synchromeshes, syndrome
15.8%
syndromes, tabernacle, tabernacled, tabernacles, tabernacling
15.8%
aedilic, aedilitian, aedilities, aedility, aerodrome
10.5%
aerodromes, aeromechanic, aeromechanical, aeromechanics, aeromedical
10.5%
anticonglomerate, antifemale, antimale, antimosquito, apiaceous
10.5%
apian, apiarian, apiarians, apiaries, apiarist
10.5%
arthromeres, arthromeric, astrometric, astrometrical, astrometries
10.5%
barometries, barometrograph, barometrography, barometry, barometz
10.5%
barometzes, bathochrome, bathochromes, berline, berlines
10.5%
bolometer, bolometers, bolometric, bolometrically, bolometries
10.5%
brigadiers, brigading, brigalow, brigalows, brigand
10.5%
brigandry, brigands, brigantine, brigantines, brome
10.5%
bromeliaceous, bromeliad, bromeliads, bromelias, bromelin
10.5%
brusselsprouts, budgerigar, budgerigars, buffalofish, buffalofishes
10.5%
cabernet, cabernets, calima, calimas, calomel
10.5%
chromels, chromene, chromenes, chromes, chrometophobia
10.5%
collimations, collimator, collimators, comparision, comparison
10.5%
conglomerateurs, conglomeratic, conglomerating, conglomeration, conglomerations
10.5%
dichlorodifluoromethanes, dichloromethane, difluorodichloromethane, diligence, diligences
10.5%
diligent, diligently, disagglomerate, disagglomerated, disagglomerates
10.5%
fortunised, fortunises, fortunising, frigate, frigatebird
10.5%
limans, limas, limation, limations, limax
10.5%
malemutes, maleness, malenesses, malengine, malengines
10.5%
malentendu, malentendus, males, malevolence, malevolences
10.5%
malevolent, malevolently, mandilion, mandilions, manilas
10.5%
monochromes, montelimar, montelimars, moronic, moronically
10.5%
moronism, moronisms, moronities, moronity, mosquito
10.5%
mosquitoes, mosquitoey, mosquitofish, mosquitofishes, mosquitoproof
10.5%
opportunisms, opportunist, opportunistic, opportunistically, opportunists
10.5%
overirrigation, oxymoronic, oxymoronically, palaeoclimate, palaeoclimates
10.5%
pretorial, pretorian, pretorians, prodrome, prodromes
10.5%
tabernacular, tamale, tamales, telebarometer, telebarometers
10.5%
telehydrobarometer, telehydrobarometers, tellurometer, tellurometers, telome
10.5%
victoriana, victorias, virome, warrigal, warrigals
10.5%
warsaws, weatherometer, weatherometers, wellingtonia, wellingtonias
10.5%
wellingtons, whigmaleerie, whigmaleeries, whigmaleery, xylochrome
10.5%
xylochromes, xylometer, xylometers, yottawatt, yottawatts
10.5%
abernethies, abernethy, aberrometer, aberrometers, aberrometric
5.3%
acclimatisers, acclimatises, acclimatising, acclimatizable, acclimatization
5.3%
acclimatizations, acclimatize, acclimatized, acclimatizer, acclimatizers
5.3%
aeromedicine, aeromedicines, aerometer, aerometers, aerometric
5.3%
aerometries, aerometry, agglomerate, agglomerated, agglomerates
5.3%
brigandage, brigandages, brigandine, brigandines, brigandries
5.3%
bromegrass, bromegrasses, bromelain, bromelains, bromelia
5.3%
chlorofluoromethane, chlorofluoromethanes, chlorometer, chlorometers, chloromethane
5.3%
chloromethanes, chlorometric, chlorometrical, chlorometrically, chlorometries
5.3%
chronobarometer, chronobarometers, cibachrome, cibachromes, climacophobe
5.3%
climacophobes, climacophobia, climacophobic, climacophobics, climacteric
5.3%
dromedaries, dromedary, dromes, durometer, durometers
5.3%
ecoclimate, ecoclimates, electromechanical, electromechanically, electromechanics
5.3%
fluorometric, fluorometries, fluorometry, formalest, fortunise
5.3%
frigatebirds, frigates, frigatoon, frigatoons, fromenties
5.3%
hibernaculum, hibernal, hibernate, hibernated, hibernates
5.3%
hibernating, hibernation, hibernations, hibernator, hibernators
5.3%
hydrometeorologist, hydrometeorologists, hydrometeorology, hydrometeors, hydrometer
5.3%
hydrometers, hydrometric, hydrometrical, hydrometrically, hydrometries
5.3%
hydrometry, hygrometer, hygrometers, hygrometric, hygrometrical
5.3%
hygrometrically, hygrometries, hygrometry, hypsochrome, hypsochromes
5.3%
irrigable, irrigably, irrigate, irrigated, irrigates
5.3%
irrigating, irrigation, irrigational, irrigations, irrigative
5.3%
jubas, jubate, juxtaglomerular, katharometer, katharometers
5.3%
limacon, limacons, limail, limails, liman
5.3%
limberness, limbernesses, lipochrome, lipochromes
5.3%
metafemales, metamale, metamales, methanoic, microclimate
5.3%
microclimates, microclimatic, microclimatically, microclimatology, microelectromechanical
5.3%
Word % Correct
microspectrometer, microspectrometers, milometer, milometers, monochrome
5.3%
olistostrome, olistostromes, ombrometer, ombrometers, opportunism
5.3%
orometric, orometry, oscillometer, oscillometric, oscillometries
5.3%
oscillometry, overirrigate, overirrigated, overirrigates, overirrigating
5.3%
parishads, parishen, parishioner, parishioners, paurometabolic, paurometabolism
5.3%
quadrigae, quadrigas, rabatine, rabatines, rabatment
5.3%
rabatments, rabato, rabatoes, rabatos, rabats
5.3%
rigadoon, rigadoons, rigamarole, rigamaroles, rigatoni
5.3%
spectrofluorometries, spectrofluorometry, spectrometer, spectrometers, spectrometric
5.3%
subirrigating, subirrigation, subirrigations, sublimable, sublimate
5.3%
telomers, telomes, tenderometer, tenderometers, thermobarometer
5.3%
tilapia, tilapias, timberline, timberlines, torbernite
5.3%
aberrometrical, aberrometrically, aberrometries, aberrometry, accelerometer
0%
accelerometers, acclimatable, acclimatations, acclimate, acclimated
0%
acclimates, acclimating, acclimation, acclimations, acclimatisable
0%
acclimatizes, acclimatizing, acrodrome, acromegalic, acromegalics
0%
acromegalies, acromegaly, adrenochrome, adrenochromes, aedilian
0%
agglomeratic, agglomerating, agglomeration, agglomerations, agglomerative
0%
agglomerator, airdrome, airdromes, alcoholometer, alcoholometers
0%
alcoholometric, alcoholometrical, alcoholometrically, alcoholometries, alcoholometry
0%
allomeric, allomerism, allomerisms, allomerous, allometric
0%
allometries, allometry, amman, ammans, amperometric
0%
andromeda, andromedas, andromedotoxin, andromedotoxins, anglomen
0%
anticlimactic, anticlimactical, anticlimactically, anticlimax, anticlimaxes
0%
astrometry, auxochrome, auxochromes, banjulele, banjuleles
0%
berlins, bernicle, bernicles, berrigan, berrigans
0%
bichrome, bioclimatic, bioclimatology, biostrome, biostromes
0%
calomels, caparison, caparisoned, caparisoning, caparisons
0%
capias, capiases, carburometer, carburometers, caromed
0%
caromel, caromelled, caromelling, caromels, carromed
0%
caulome, caulomes, cayenned, cayennes, ceilometer
0%
ceilometers, centromere, centromeres, centromeric, cephalometer
0%
cephalometers, cephalometric, cephalometries, cephalometry, chlorodifluoromethane
0%
coelome, coelomes, coelomesoblast, coelomesoblastic, coelomesoblasts
0%
collimate, collimated, collimates, collimating, collimation
0%
conglomerative, conglomerator, conglomerators, conglomeritic, contubernal
0%
contubernyal, coquito, coquitos, cosmodrome, cosmodromes
0%
coulometer, coulometers, coulometric, coulometrically, coulometries
0%
coulometry, coxsackievirus, coxsackieviruses, crocodilian, crocodilians
0%
crome, cromed, cromes, cybernate, cybernated
0%
cybernates, cybernating, cybernation, cybernations, cybernaut
0%
cybernauts, cybernetic, cybernetical, cybernetically, cybernetician
0%
cyberneticians, cyberneticist, cyberneticists, cybernetics, cyclomer
0%
cyclomers, cyclometer, cyclometers, cyclometric, cyclometrical
0%
cyclometrically, cyclometries, cyclometry, cytochrome, cytochromes
0%
decelerometer, decelerometers, dendrometer, dendrometers, dichlorodifluoromethane
0%
disagglomerating, disagglomeration, disagglomerations, disclimax, disclimaxes
0%
electromedical, electromer, electromeric, electromerism, electromerisms
0%
electromers, electrometallurgical, electrometallurgies, electrometallurgist, electrometallurgists
0%
electrometallurgy, electrometer, electrometers, electrometries, electrometry
0%
erythromelalgia, ethanoic, evaporometer, evaporometers, extraglomerular
0%
ferricytochrome, ferrochrome, ferrochromes, ferrocytochrome, fissiparism
0%
fissiparisms, fluorochrome, fluorochromes, fluorometer, fluorometers
0%
fromenty, galimatias, galimatiases, gallimaufries, gallimaufry
0%
glomera, glomerate, glomerated, glomerates, glomerating
0%
glomeration, glomerations, glomeromycetes, glomerular, glomerulate
0%
glomerule, glomerules, glomeruli, glomerulonephritides, glomerulonephritis
0%
glomerulosclerosis, glomerulus, gromet, gromets, gubernacula
0%
gubernacular, gubernaculum, gubernation, gubernations, gubernator
0%
gubernatorial, gubernators, guberniya, guberniyas, hadrome
0%
hadromes, haemachrome, haemachromes, haemochrome, haemochromes
0%
heliman, heliochrome, heliochromes, hemachrome, hemachromes
0%
hemochrome, hemochromes, heteromer, heteromerous, heteromers
0%
heterometabolic, heterometabolically, heterometabolism, heterometabolous, heterometaboly
0%
hibakusha, hibakushas, hibernacle, hibernacles, hibernacula
0%
hibernicisation, hibernicisations, hibernicise, hibernicised, hibernicises
0%
hibernicising, hibernicism, hibernicization, hibernicizations, hibernicize
0%
hibernicized, hibernicizes, hibernicizing, hibernisation, hibernisations
0%
hibernise, hibernised, hibernises, hibernising, hibernization
0%
hibernizations, hibernize, hibernized, hibernizes, hibernizing
0%
hibernologist, hibernologists, hibernology, hippodrome, hippodromes
0%
holometabolian, holometabolians, holometabolic, holometabolical, holometabolically
0%
holometabolism, holometabolisms, holometabolous, holometabolously, holometaboly
0%
holometer, holometers, horometrical, horometries, horometry
0%
hyalomelan, hyalomelane, hyalomelanes, hyalomelans, hydroclimate
0%
hydrodrome, hydromechanic, hydromechanical, hydromechanics, hydromedusa
0%
hydromedusae, hydromedusan, hydromedusans, hydromedusas, hydromedusoid
0%
hydromedusoids, hydromegatherm, hydromegatherms, hydromel, hydromels
0%
hydromeningocele, hydrometallurgical, hydrometallurgically, hydrometallurgies, hydrometallurgist
0%
hydrometallurgists, hydrometallurgy, hydrometeor, hydrometeorological, hydrometeorologies
0%
iatromechanic, iatromechanical, iatromechanics, iatromechanist, iatromechanists
0%
iatromelia, illomened, imparisyllabic, iniquitous, iniquitously
0%
iniquitousness, iniquitousnesses, intercomparison, intercomparisons, interferometer
0%
interferometers, interferometric, interferometrical, interferometrically, interferometries
0%
interferometry, intermale, interparish, intervalometer, intervalometers
0%
intraglomerular, intrigant, intrigante, intrigantes, intrigants
0%
irrigator, irrigators, isobarometric, jobernowl, jobernowls
0%
kieve, kieves, kilometer, kilometers, kilometre
0%
kilometres, kilometric, kilometrical, kirigami, kirigamis
0%
Word % Correct
kromeskies, kromesky, landamman, landammann, landammanns
0%
landammans, landlubberliness, landlubberlinesses, larrigan, larrigans
0%
limacel, limacels, limaceous, limaces, limaciform
0%
limacine, limacologies, limacologist, limacologists, limacology
0%
lomed, lomein, lomeins, loment, lomenta
0%
loxodrome, loxodromes, lubberliness, lubberlinesses, macroclimate
0%
macroclimates, macroclimatic, macromere, macromeres, macrometabolic
0%
macrometabolism, macrometacryptozoite, macrometacryptozoites, macrometastasis, macrometeorology
0%
madrigal, madrigalesque, madrigalian, madrigalist, madrigalists
0%
madrigals, maleate, maleates, maledicent, maledict
0%
maledicted, maledicting, malediction, maledictions, maledictive
0%
maledictory, maledicts, malefaction, malefactions, malefactor
0%
malefactors, malefactory, malefactress, malefactresses, maleffect
0%
maleffects, malefic, malefically, malefice, maleficence
0%
maleficences, maleficent, malefices, maleficial, maleic
0%
maleimide, maleimides, malemiut, malemiuts, malemute
0%
merome, meromes, metabolome, metabolomes, metafemale
0%
microinterferometer, microinterferometric, microinterferometry, micromeasurement, micromeasurements
0%
micromechanics, micromere, micromeres, micromeric, micromesh
0%
micromeshes, micrometacryptozoite, micrometacryptozoites, micrometallurgist, micrometallurgists
0%
micrometallurgy, micrometeorite, micrometeorites, micrometeoritic, micrometeorograph
0%
micrometeorographs, micrometeoroid, micrometeoroids, micrometeorological, micrometeorologies
0%
micrometeorologist, micrometeorologists, micrometeorology, micrometer, micrometers
0%
micromethod, micromethods, micrometre, micrometres, micrometric
0%
micrometrical, micrometries, micrometry, micropyrometer, micropyrometers
0%
mosquitos, muscatel, muscatels, muscatoria, muscatorium
0%
muscats, neocallimastigomycetes, nephelometer, nephelometers, nephelometric
0%
nephelometrically, nephelometries, nephelometry, neuromere, neuromeres
0%
nitrometer, nitrometers, nitromethane, nitromethanes, nitrometric
0%
nonfemale, nonfemales, nonirrigable, nonirrigated, nonmale
0%
nonparishioner, nonsoberness, obliquitous, oligochrome, oligochromes
0%
origami, origamis, origan, origane, origanes
0%
origans, origanum, origanums, orometer, orometers
0%
palaeoclimatic, palaeoclimatical, palaeoclimatically, palaeoclimatologic, palaeoclimatological
0%
palaeoclimatologically, palaeoclimatologist, palaeoclimatologists, palaeoclimatology, paleoclimate
0%
paleoclimates, paleoclimatic, paleoclimatical, paleoclimatically, paleoclimatologic
0%
paleoclimatological, paleoclimatologically, paleoclimatologies, paleoclimatologist, paleoclimatologists
0%
paleoclimatology, palindrome, palindromes, palometa, palometas
0%
paurometabolous, paurometamorphic, paurometamorphosis, penetrometer, penetrometers
0%
perchloromethane, peridrome, peridromes, periganglionic, perigastric
0%
perigastritis, perigastritises, periglomeral, periglomerular, petrodrome
0%
petrodromes, philomel, philomela, philomelas, philomels
0%
photochrome, phyllome, phyllomes, phytochrome, phytochromes
0%
plagioclimax, plagioclimaxes, plasmalemma, plasmalemmas, plerome
0%
pleromes, pogromed, polychrome, polychromed, polychromes
0%
poromeric, poromerics, posteromedial, preirrigate, preirrigated
0%
preirrigates, preirrigating, preirrigation, preirrigational, preirrigations
0%
promegalocyte, promegalocytes, promenade, promenaded, promenader
0%
promenaders, promenades, promenading, prometal, prometals
0%
promethazine, promethazines, prometheum, prometheums, promethium
0%
promethiums, prometric, prototelomerase, prototelomerases, psilomelane
0%
psilomelanes, psychrometer, psychrometers, psychrometric, psychrometrical
0%
psychrometries, psychrometry, pteromerhanophobe, pteromerhanophobes, pteromerhanophobia
0%
pteromerhanophobic, pteromerhanophobics, pyromeride, pyromerides, pyrometallurgical
0%
pyrometallurgies, pyrometallurgy, pyrometer, pyrometers, pyrometric
0%
pyrometrical, pyrometrically, pyrometries, pyrometry, quadriga
0%
rabatte, rabatted, rabattement, rabattements, rabattes
0%
rabatting, rabattings, radiomicrometer, reacclimate, reacclimated
0%
reacclimates, reacclimating, reacclimation, reacclimations, reacclimatisation
0%
reacclimatise, reacclimatised, reacclimatises, reacclimatising, reacclimatization
0%
reacclimatize, reacclimatized, reacclimatizes, reacclimatizing, respirometer
0%
respirometers, respirometric, respirometries, respirometry, resublimating
0%
rigatonis, rigaudon, rigaudons, romeldale, romeldales
0%
romeo, romeos, rubberneck, rubbernecked, rubbernecker
0%
rubberneckers, rubbernecking, rubbernecks, saccharometabolic, saccharometabolism
0%
saccharometer, saccharometers, saccharometric, saccharometrical, saccharometries
0%
saccharometry, salometer, salometers, scapulimancies, scapulimancy
0%
scapulimantic, schlimazels, scintillometer, scintillometers, sclerometer
0%
sclerometers, sclerometric, scrome, scromed, scromes
0%
seadrome, seadromes, sedilia, sedilium, shlimazel
0%
shlimazels, sillimanite, sillimanites, slalomed, slalomer
0%
slalomers, slockingstone, slockingstones, soberness, sobernesses
0%
somberness, sombernesses, spectrofluorometer, spectrofluorometers, spectrofluorometric
0%
spectrometries, spectrometry, spherometer, spherometers, spirometer
0%
spirometers, spirometric, spirometries, spirometry, stenochrome
0%
stenochromes, stereochrome, stereochromed, stereochromes, striga
0%
strigae, strigate, stylometries, stylometry, subclimactic
0%
subclimax, subclimaxes, subirrigate, subirrigated, subirrigates
0%
sublimated, sublimates, sublimating, sublimation, sublimations
0%
torbernites, trichlorofluoromethane, trichloromethane, trichloromethanes, trichrome
0%
trigamies, trigamist, trigamists, trigamous, trigamy
0%
trihalomethane, trihalomethanes, tubuloglomerular, ubiquitous, ubiquitously
0%
ubiquitousness, ubiquitousnesses, ultramicrometer, unacclimated, unacclimation
0%
unacclimatised, unacclimatization, unacclimatizations, unacclimatized, unconglomerated
0%
unirrigated, unsublimated, urochrome, urochromes, uromere
0%
uromeres, velodrome, velodromes, ventromedial, ventromedially
0%
ventromedian, ventromedians, vibrometer, vibrometers, vibrometry
0%
zoechrome, zoechromes
0%

You're not logged in!

Compare scores with friends on all Sporcle quizzes.
Join for Free
OR
Log In

You Might Also Like...

Show Comments

Extras

Created Jul 1, 2017ReportNominate
Tags:Capital Quiz, Hidden Words

Top Quizzes Today


Score Distribution

Your Account Isn't Verified!

In order to create a playlist on Sporcle, you need to verify the email address you used during registration. Go to your Sporcle Settings to finish the process.

Report this User

Report this user for behavior that violates our Community Guidelines.

Details: